000 00255nam a2200121Ia 4500
008 190216s9999||||xx |||||||||||||| ||und||
100 _aMeade J F
245 0 _aMoonfleet
260 _bLongmans
_c1962
300 _a111p
650 _aEnglish
942 _cBK
999 _c11781
_d11781